[Event "4NCL 2017-18"]
[Site "Northampton"]
[Date "2018.02.11"]
[Round "6"]
[White "Stewart, Ashley"]
[Black "Lund, D Brett"]
[Result "1-0"]
[WhiteElo "2153"]
[BlackElo "2259"]
[Annotator "NA"]
[PlyCount "83"]
[EventDate "2018.??.??"]
[EventCountry "GBR"]
[SourceTitle "playchess.com"]
[Source "ChessBase"]
[SourceQuality "1"]

1. c4 e5 2. g3 d6 3. Bg2 f5 4. Nc3 Nf6 5. d3 Be7 6. e3 O-O 7. Nge2 c6 8. f4 {A21: English Opening: 1...e5 2 Nc3} (8. O-O Na6 9. f4 exf4 10. gxf4 Nc7 11. e4 fxe4 12. dxe4 Be6 13. b3 d5 14. f5 Bf7 15. cxd5 cxd5 16. e5 Bc5+ {0-1 (37) Chatalbashev,B (2542)-Rombaldoni,D (2471) Innsbruck 2017}) 8... Qe8 9. O-O Bd8 10. Qd2 $146 ({Predecessor:} 10. fxe5 dxe5 11. d4 Qh5 12. Qc2 Bc7 13. Nd1 {½-½ (50) Vigus,J (2285)-Williams,S (2421) Witley 1999}) 10... a5 11. b3 Na6 12. Bb2 Rb8 13. Rae1 Bb6 14. d4 e4 15. Ba3 Bc7 16. d5 Nb4 17. dxc6 bxc6 18. Rd1 Qd7 19. Nd4 d5 20. cxd5 cxd5 21. Bxb4 axb4 22. Na4 Bd6 23. Rc1 Ba6 24. Rfd1 Rfc8 25. Rxc8+ Bxc8 26. Rc1 Qe8 27. Bf1 Bd7 28. Nc5 Rc8 29. Nxd7 Qxd7 30. Bb5 Rxc1+ 31. Qxc1 Qa7 (31... Qc7 $14 32. Qxc7 Bxc7) 32. Qc8+ ({Much weaker is} 32. Nxf5 $6 Bc5 $11) 32... Bf8 33. Qxf5 Bc5 34. Qc8+ Kf7 {Don't play} 35. Qe6+ $6 Kf8 $16 36. Qe5 (36. Nf5 $16) 36... Kf7 {[#]} 37. Be8+ $16 (37. Bc6 $1 $18 {[%cal Rc6d5] is the precise move to win.} Bxd4 38. Bxd5+ (38. exd4 Qa5 $16) (38. Qxd4 Qxd4 39. exd4 Ke6 $16) 38... Kf8 39. Qd6+ Ke8 40. Bc6+ Kf7 41. Qxd4 (41. exd4 Qxa2 42. Bd5+ Kg6 $16) 41... Qxd4 42. exd4) 37... Nxe8 $2 (37... Kf8 $16 38. Bc6 Bxd4 39. exd4 e3) 38. Qxd5+ Ke7 39. Nc6+ Kf8 40. Nd4 Nf6 41. Qe5 Kf7 42. Ne6 1-0

[Event "4NCL 2017-18"]
[Site "Northampton"]
[Date "2018.02.11"]
[Round "6"]
[White "Willis, Rupert"]
[Black "Wells, Peter K"]
[Result "0-1"]
[WhiteElo "2117"]
[BlackElo "2427"]
[Annotator "TA"]
[PlyCount "52"]
[EventDate "2018.??.??"]
[EventCountry "GBR"]
[SourceTitle "playchess.com"]
[Source "ChessBase"]
[SourceQuality "1"]

{[%evp 9,52,-23,-26,-42,-52,-78,-77,-94,-112,-112,-115,-107,-83,-89,-82,-97,-99,-96,-93,-164,-80,-72,-48,-30,-51,-100,-104,-281,-270,-286,-270,-328,-353,-447,-457,-460,-446,-442,-443,-636,-633,-685,-678,-678,-668]} 1. Nf3 d5 2. c4 e6 3. g3 dxc4 4. Bg2 a6 5. a4 (5. O-O Nc6 6. Na3 Bxa3 7. bxa3 e5 8. Rb1 Nge7 9. Qc2 Bf5 10. e4 Bg4 11. Rxb7 Bxf3 12. Bxf3 {0-1 (41) Aronian,L (2785)-Grandelius,N (2643) Doha 2016}) 5... Nc6 6. Na3 {A13: English Opening: 1...e6} e5 {[%cal Be6e5,Be5e4][%mdl 32] Hoping for ...e4.} 7. Nxc4 e4 $1 {[%cal Re4f3]} 8. Nfe5 {[#]Black is better.} Nxe5 $146 ({Predecessor:} 8... Qd5 9. f4 Nxe5 10. Nxe5 f6 11. Nd3 Bh3 12. Bxh3 exd3 {0-1 (27) Frumkin,E (2029)-Parry,M (2292) New York 2007}) 9. Nxe5 Qd4 10. f4 Bb4 {White must now prevent ...f6.} 11. Qc2 Nf6 12. Qc4 ({Wrong is} 12. Nc6 $2 bxc6 13. Qxc6+ Ke7 $19) 12... Qxc4 13. Nxc4 Be6 14. Ne3 {[#]} (14. b3 $17) 14... O-O-O (14... Bb3 $1 $19 {is more deadly.} 15. Nf5 O-O-O) 15. Nc2 $17 Be7 {...Bb3 is the strong threat.} (15... a5 {with more complications.} 16. Nxb4 axb4 17. b3 Rd6 18. Bb2 Rhd8) 16. b4 h5 $36 {[%mdl 2048] Black is more active.} 17. Rb1 h4 18. O-O $2 (18. Rg1 $17) 18... hxg3 $19 19. hxg3 Nh5 {[%cal Bf6h5,Bh5g3,Bg3e2][%mdl 32]} 20. Ne3 Nxg3 21. f5 Nxe2+ {Black is clearly winning.} 22. Kf2 Nxc1 23. Rfxc1 Rxd2+ 24. Kf1 (24. Ke1 $142 Rxg2 25. Nxg2 Bxf5 26. Kf2) 24... Ba2 25. Rd1 Bxb1 26. Rxd2 Bd3+ {Precision: White = 39%, Black = 77%.} 0-1

[Event "4NCL 2017-18"]
[Site "Northampton"]
[Date "2018.02.11"]
[Round "6"]
[White "Snape, Ian L"]
[Black "House, Glenn L"]
[Result "1/2-1/2"]
[WhiteElo "2114"]
[BlackElo "2214"]
[Annotator "NA"]
[PlyCount "83"]
[EventDate "2018.??.??"]
[EventCountry "GBR"]
[SourceTitle "playchess.com"]
[Source "ChessBase"]
[SourceQuality "1"]

1. c4 Nf6 2. Nc3 d6 3. g3 g6 4. Bg2 Bg7 5. Nf3 O-O 6. d4 c6 7. O-O Nbd7 8. Qc2 e5 9. e4 exd4 10. Nxd4 a5 {E68: King's Indian: Fianchetto: 6...Nbd7 7 0-0 e5 8 e4} (10... Ng4 11. Rd1 Qb6 12. Na4 Qa5 13. h3 Ngf6 14. Nc3 Nb6 15. b3 Re8 16. Bf4 d5 17. Bd2 Qc5 18. Be3 dxc4 {1-0 (36) Mamedyarov,S (2752)-Korotylev,A (2600) Moscow 2007}) 11. h3 Re8 12. Bf4 Ne5 13. b3 Nfd7 14. Rad1 Nc5 15. Be3 Qe7 16. f4 $146 ({Predecessor:} 16. Rfe1 Na6 17. f4 Nd7 18. Qd2 Nac5 19. Bf2 a4 20. Nxa4 Nxa4 21. bxa4 Nc5 22. a5 Qc7 23. Nb3 Nxb3 24. axb3 Qxa5 25. Qxa5 Rxa5 26. Rxd6 {½-½ (51) Baules,J (2311)-Lorenzana,W (2185) Panama City 2013}) 16... Ned7 17. Bf2 Na6 18. Rfe1 Ndc5 19. a3 Qf8 20. g4 $16 Bd7 21. Nce2 Qe7 22. Ng3 Rad8 23. Nde2 Bc8 24. Bd4 Bxd4+ 25. Nxd4 Qh4 26. Qf2 Qe7 27. Rf1 Rf8 28. Qd2 a4 29. b4 Qh4 30. Qf2 Nb3 31. f5 Nxd4 32. Rxd4 c5 33. bxc5 dxc5 34. Rxd8 Qxd8 35. e5 Qd4 36. Qxd4 cxd4 37. Rd1 Rd8 38. Bd5 Nc5 39. Rxd4 Kf8 40. Rd1 Re8 41. fxg6 hxg6 42. Rf1 1/2-1/2

[Event "4NCL 2017-18"]
[Site "Northampton"]
[Date "2018.02.11"]
[Round "6"]
[White "Latham, David"]
[Black "Bellin, Jana M"]
[Result "1/2-1/2"]
[WhiteElo "2105"]
[BlackElo "2060"]
[Annotator "NA"]
[PlyCount "106"]
[EventDate "2018.??.??"]
[EventCountry "GBR"]
[SourceTitle "playchess.com"]
[Source "ChessBase"]
[SourceQuality "1"]

1. d4 Nf6 2. g3 c5 3. Nf3 e6 4. Bg2 Nc6 5. O-O a6 6. c4 cxd4 7. Nxd4 Bc5 8. Nb3 Be7 9. Nc3 d6 10. Nd2 {A33: Englische Eröffnung (Symmetrische Variante)} (10. Nd4 Bd7 11. b3 Nxd4 12. Qxd4 Bc6 13. Bb2 Bxg2 14. Kxg2 Qc7 15. e4 O-O 16. Rad1 Rfd8 17. f3 b6 {0-1 (32) Fontaine,R (2545)-Mastrovasilis,A (2547) playchess.com INT 2006}) 10... O-O 11. b3 Qc7 12. Bb2 Bd7 $146 ({Vorgänger:} 12... Rd8 13. Rc1 Qd7 14. Nce4 Nxe4 15. Nxe4 b6 16. e3 Bb7 17. f4 f5 {1-0 (37) Danchevski,O (2395)-Kollari,S Skopje 2013}) 13. Rc1 Rac8 14. Nd5 exd5 15. cxd5 Qd8 16. dxc6 bxc6 17. Qc2 d5 18. e4 Be6 19. exd5 cxd5 20. Qd3 Qa5 21. a3 Qb5 22. Qxb5 axb5 23. Rxc8 Rxc8 24. Rc1 Rxc1+ 25. Bxc1 Ne4 $11 26. Nxe4 dxe4 27. b4 f5 28. Bb2 Kf7 29. f3 exf3 30. Bxf3 Bg5 31. Kf2 g6 32. Bc6 Bc4 33. a4 bxa4 34. Bxa4 Be7 35. Bc3 Ke6 36. Be8 Kd6 37. Ke3 Bg5+ 38. Kf2 Ke7 39. Bc6 Kd6 40. Bf3 Bd5 41. Be2 Bb7 42. Bd4 f4 43. Bc5+ Ke5 44. Ba7 fxg3+ 45. hxg3 Kd6 46. b5 Bf6 47. Be3 Bc3 48. Bf3 Kc7 49. Bxb7 Kxb7 50. Kf3 h5 51. Ke4 Be1 52. Kf3 h4 53. gxh4 Bxh4 1/2-1/2

[Event "4NCL 2017-18"]
[Site "Northampton"]
[Date "2018.02.11"]
[Round "6"]
[White "Murphy, Hugh W"]
[Black "McNab, Colin A"]
[Result "0-1"]
[WhiteElo "2104"]
[BlackElo "2423"]
[Annotator "TA"]
[PlyCount "112"]
[EventDate "2018.??.??"]
[EventCountry "GBR"]
[SourceTitle "playchess.com"]
[Source "ChessBase"]
[SourceQuality "1"]

{[%evp 17,112,0,10,8,10,0,28,25,22,14,16,16,11,15,14,2,10,3,7,4,11,8,4,6,17,10,23,0,0,0,0,0,17,2,20,0,0,0,0,0,4,4,6,8,6,0,0,0,0,0,0,0,0,-79,-79,-80,-74,-84,0,0,0,-169,-162,-163,-138,-373,-343,-342,-321,-1152,-1309,-2270,-2246,-29964,-29966,-5601,-6211,-29974,-29976,-29972,-29972,-29985,-29977,-29984,-29984,-29982,-29982,-29988,-29989,-29989,-29990,-29990,-29991,-29991,-29992,-29992,-29993]} 1. d4 d6 2. e4 g6 3. Nf3 Nf6 4. Bd3 Bg7 5. O-O O-O 6. c3 Nc6 7. Bg5 h6 8. Bh4 e5 9. dxe5 Nxe5 10. Nxe5 {B07: Pirc Defence: Miscellaneous Systems} dxe5 11. Qc2 (11. Na3 c6 12. Qf3 Bg4 13. Qe3 Be6 14. Bc4 Bxc4 15. Nxc4 Nd5 16. exd5 Qxh4 17. Nxe5 cxd5 18. Nf3 Qc4 19. Rfe1 {½-½ (19) Macieja,B (2608)-Ponomariov,R (2673) Ohrid 2001}) 11... b6 $146 ({Predecessor:} 11... Qe8 12. Nd2 Nh5 13. Rfd1 Bf6 14. Bxf6 Nxf6 15. Nc4 Kg7 16. a4 Qe7 17. Bf1 Bg4 {0-1 (41) Libiszewski,F (2480)-Chadaev,N (2535) Moscow 2008}) 12. Nd2 {White has an edge.} Qe8 13. Rfe1 Nh5 14. a4 Bf6 15. Bxf6 Nxf6 16. Bb5 Bd7 17. Bxd7 Qxd7 18. Nc4 Qe6 19. Ne3 Rad8 20. Rad1 Kg7 21. f3 Rfe8 22. g3 h5 23. h4 Kf8 24. Kg2 c6 25. b3 Qe7 26. Rxd8 (26. Nc4 {is more complex.} Kg7 27. Qe2 Rf8 28. Qb2 Nd7 29. b4) 26... Rxd8 27. Rd1 Rxd1 28. Qxd1 Qd7 29. Qxd7 Nxd7 $11 {[%mdl 4096] Endgame KN-KN} 30. b4 Ke7 31. Kf2 Ke6 32. g4 Nf6 33. g5 Ne8 34. Ke2 Nd6 35. c4 (35. Nd1 $11) 35... f6 $17 36. gxf6 Kxf6 37. Kf2 g5 (37... Ke7 $17) 38. Kg3 $11 Nb7 39. Nf5 $2 (39. Kh3 $11 {and White is okay.}) 39... c5 40. b5 Na5 41. Nd6 $2 (41. hxg5+ $17 {keeps fighting.} Kxg5 42. Nd6) 41... gxh4+ $19 42. Kxh4 Ke6 43. Nc8 $2 (43. Nf5 Nxc4 44. Ng7+ Kf7 45. Nf5) 43... Nxc4 44. Nxa7 {[#]} Na5 $1 45. f4 exf4 46. Nc8 Ke5 47. Nxb6 Kxe4 {Black mates.} 48. Nd7 c4 {[%cal Bc5c4,Bc4c3][%mdl 32]} 49. b6 Kd4 50. Nf8 c3 51. Ne6+ Ke3 52. Nc5 f3 {[%cal Bf4f3,Bf3f2][%mdl 32]} 53. Nb3 Nb7 54. Kg3 {[#]} h4+ $1 {[%cal Bh5h4,Bh4h3][%mdl 544]} 55. Kh3 (55. Kxh4 f2) 55... f2 56. Kg2 {[#]} h3+ $1 {[%mdl 512] Precision: White = 37%, Black = 72%.} 0-1

[Event "4NCL 2017-18"]
[Site "Northampton"]
[Date "2018.02.11"]
[Round "6"]
[White "Sucikova, Svetlana"]
[Black "Linford, Charles M"]
[Result "1/2-1/2"]
[WhiteElo "2100"]
[BlackElo "2127"]
[Annotator "NA"]
[PlyCount "116"]
[EventDate "2018.??.??"]
[EventCountry "GBR"]
[SourceTitle "playchess.com"]
[Source "ChessBase"]
[SourceQuality "1"]

1. Nf3 c5 2. c4 b6 3. g3 Bb7 4. Bg2 Nf6 5. O-O e6 6. Nc3 Be7 7. b3 O-O 8. Bb2 a6 9. d4 cxd4 10. Qxd4 Qc7 {A30: Symmetrical English: Double Fianchetto and Hedgehog} 11. Rfd1 Rd8 $146 ({Predecessor:} 11... d6 12. Rac1 Nbd7 13. e4 Rac8 14. h3 Rfe8 15. Nd2 Qb8 16. Nf1 Bf8 17. Ne3 h5 18. Re1 Bc6 19. b4 b5 20. a3 Qb7 21. Ncd5 Qa8 22. cxb5 axb5 23. Nxf6+ Nxf6 {1-0 (72) Moradiabadi,E (2551)-Hambleton,A (2480) Montreal 2013}) 12. Rac1 Nc6 13. Qh4 d5 14. cxd5 Nxd5 15. Nxd5 Rxd5 16. Qg4 Rxd1+ 17. Rxd1 Bf8 18. Ng5 Nd8 19. Be4 f5 20. Bxf5 exf5 21. Qxf5 g6 22. Qh3 h6 {[#]} 23. Rxd8 $1 Qc6 24. Qe6+ Qxe6 25. Nxe6 Rxd8 26. Nxd8 Bd5 27. Bd4 Bc5 (27... b5 $142 28. f3 Be7) 28. Bxc5 bxc5 29. e4 Bxe4 30. Ne6 c4 31. bxc4 Bb1 32. a3 Ba2 33. f4 Bxc4 34. Nd4 Bd3 35. Kf2 Kf7 36. Ke3 Bc4 37. Nc6 Bb5 38. Ne5+ Kf6 39. Ke4 (39. Ng4+ $18 Kg7 40. Ke4) 39... h5 40. Kd5 Kf5 41. Kd6 h4 $11 42. gxh4 Kxf4 43. Nxg6+ Kg4 44. Kc5 Kh5 45. Nf4+ Kxh4 46. Nd5 Kh3 47. Nc7 Ba4 48. Kb4 Bd1 49. Nxa6 Kxh2 50. Nc5 Kg3 51. Nb3 Kf4 52. a4 Ke5 53. a5 Bxb3 54. Kxb3 Kd6 55. a6 Kc7 56. a7 Kb7 57. Kc4 Ka8 58. Kd5 Kxa7 1/2-1/2

[Event "4NCL 2017-18"]
[Site "Northampton"]
[Date "2018.05.06"]
[Round "10"]
[White "Jones, Gawain C B"]
[Black "Fitzsimons, David"]
[Result "1-0"]
[WhiteElo "2646"]
[BlackElo "2323"]
[Annotator "TA"]
[PlyCount "111"]
[EventDate "2018.??.??"]
[EventCountry "GBR"]
[SourceTitle "playchess.com"]
[Source "ChessBase"]
[SourceQuality "1"]

{[%evp 24,111,0,2,28,31,42,-13,0,-6,-3,0,0,-7,-8,-21,-9,-37,-40,-37,-38,-29,-7,-43,-12,-7,-7,-7,-7,-13,-12,-10,-3,-12,-8,-27,28,25,24,25,27,31,21,24,33,0,35,41,34,50,27,28,28,28,33,26,27,20,61,25,137,137,316,307,190,187,281,259,331,88,95,8,8,8,8,8,8,8,8,8,8,8,95,95,95,95,95,95,95,95]} 1. e4 e6 2. d4 d5 3. Nd2 c5 4. Ngf3 cxd4 5. Nxd4 Nc6 6. Bb5 Bd7 7. Nxc6 bxc6 8. Bd3 Bd6 {C07: French Tarrasch: 3...c5, 4 Ngf3 and 4 exd5 Qxd5} 9. Qe2 Ne7 10. Nf3 Ng6 (10... h6 11. c4 O-O 12. O-O a5 13. Re1 a4 14. Bd2 Rb8 15. Bc3 Bb4 16. Ne5 Bxc3 17. bxc3 {½-½ (52) Navara,D (2740)-Kovalenko,I (2639) Katowice 2017}) 11. e5 Bc7 12. O-O O-O 13. c4 {LiveBook: 3 Games} Qe7 14. Re1 c5 $146 ({Predecessor:} 14... f6 15. Bxg6 hxg6 16. Qc2 fxe5 17. Nxe5 Bxe5 18. Rxe5 {½-½ (44) Baranyuk,A (2251)-Jeute,V (2259) ICCF email 2014}) 15. Qc2 (15. Bxg6 $14 hxg6 16. Qd3) 15... Bc6 16. Bg5 Qd7 17. cxd5 Bxd5 18. Be4 h6 19. Bd2 Rfd8 20. Re2 Rab8 21. b3 Bxe4 22. Qxe4 Qd3 23. Be1 {[#]} Nf4 $1 {[%mdl 512]} 24. Re3 (24. Qxf4 Qxe2) 24... Qxe4 25. Rxe4 Nd3 26. Bc3 Rd5 27. Kf1 Rb5 28. Rb1 a5 29. h4 c4 (29... Nb4 $142) 30. Rxc4 $11 Bxe5 31. Nxe5 Nxe5 32. Rc8+ Kh7 33. Rc7 Kg8 34. a4 Rbc5 (34... Rb8 {is more complex.} 35. Bxe5 Rxe5 36. g3 g6 37. Rc4 Kg7) 35. Rxc5 Rxc5 $14 {[%mdl 4096] Endgame KRB-KRN} 36. Bd4 Rd5 37. Be3 Kf8 38. b4 axb4 39. Rxb4 Ke7 40. Ke2 Kd6 41. h5 f5 (41... Nd7 $11 {keeps the balance.}) 42. Rd4 $16 Nc6 $2 (42... g5 $16) 43. Rxd5+ $18 Kxd5 {KB-KN} 44. Kd3 Ne5+ (44... e5 $142 45. Kc3 f4) 45. Kc3 Ng4 46. a5 $2 (46. Kb4 $1 $18 {is the precise move to win.}) 46... e5 47. Kb4 (47. a6 $16 Kc6 48. Bc5) 47... Kc6 $1 $11 48. Kc4 Nf6 $1 49. a6 f4 50. Bc5 Nxh5 51. Bd6 e4 52. Kd4 {a7 is the strong threat.} f3 {[#]} (52... e3 $1 $11 53. fxe3 fxe3 54. Kxe3 Kb6) 53. g3 $1 $16 {Hoping for Be5.White is better.} Nf6 {[#]} 54. Be5 $1 {[%cal Re5f6]} Ng4 55. Kxe4 Nxf2+ ({But not} 55... Nxe5 $2 56. Kxe5 Kb6 57. Kf4 $18) 56. Kxf3 {Precision: White = 58%, Black = 48%.} 1-0

[Event "4NCL 2017-18"]
[Site "Northampton"]
[Date "2018.05.06"]
[Round "10"]
[White "McDonald, Neil"]
[Black "Sadler, Matthew D"]
[Result "0-1"]
[WhiteElo "2397"]
[BlackElo "2686"]
[Annotator "TA"]
[PlyCount "104"]
[EventDate "2018.??.??"]
[EventCountry "GBR"]
[SourceTitle "playchess.com"]
[Source "ChessBase"]
[SourceQuality "1"]

{[%evp 22,104,0,0,0,2,8,-11,-12,-24,7,-37,-25,-35,-24,-31,-29,-17,-27,-28,-22,-38,-24,-23,-7,-6,0,-10,0,0,0,-36,-35,-50,-36,-45,-22,-66,-54,-75,-79,-81,-80,-81,-79,-79,-91,-225,-212,-243,-231,-226,-258,-237,-233,-224,-237,-273,-285,-1539,-1571,-1241,-1485,-1210,-737,-1512,-1427,-1512,-878,-584,-173,-2647,-1205,-5197,-5072,-5065,-3596,-29979,-29980,-29980,-29981,-29981,-29982,-29982,-29983]} 1. e4 {[%cal Be2e4,Be4e5][%mdl 32]} e6 2. d4 d5 3. Nd2 Be7 4. Ngf3 Nf6 5. e5 Nfd7 6. Bd3 c5 7. c3 Nc6 8. O-O g5 9. dxc5 Ndxe5 {C06: French Tarrasch: 3...Nf6 4 e5 Nfd7 5 Bd3 main lines} 10. Nxe5 Nxe5 11. Nb3 Nxd3 12. Qxd3 {LiveBook: 17 Games} f6 13. c4 $146 ({Predecessor:} 13. f4 gxf4 14. Bxf4 e5 15. Bh6 Rg8 16. Qxh7 Be6 17. Bg7 {0-1 (32) Libiszewski,F (2540)-Sadler,M (2687) England 2018}) 13... a5 14. Be3 a4 15. Nc1 O-O (15... d4 $5 16. Bxd4 e5 $11) 16. b4 (16. cxd5 {keeps more tension.} Qxd5 17. Qxd5 exd5 18. Ne2 d4 19. Bxd4 Rd8 20. Rfc1) 16... axb3 17. Nxb3 Ra4 (17... d4 {is more complex.} 18. Qxd4 Qc7 19. h4 Rd8 20. Qg4 e5) 18. cxd5 Qxd5 19. Qxd5 exd5 20. Rfd1 Rd8 21. Rd4 Ra3 22. Rb4 Rd7 23. h4 Rc7 24. hxg5 fxg5 25. Bd4 Kf7 26. Rb6 Ra4 27. Bb2 Rc6 28. Rb5 Re6 29. Nd4 Re4 30. c6 bxc6 31. Nxc6 Bd7 $36 {[%mdl 2048] Keeping White busy.} 32. Rb6 Bxc6 $1 33. Rxc6 Re2 34. Rb6 {[#]} (34. Bh8 $17 {was forced.}) 34... Bc5 $1 $19 {[%cal Rc5b6]} 35. Rb7+ Ke6 {aiming for ...Rf4.} 36. Rc1 Rc4 (36... Bxf2+ 37. Kf1 $17) (36... Rxa2 37. Rxc5 Raxb2 38. Rc6+ Ke5 39. Re7+ Kd4 40. Rf7 $17) 37. Rxc4 dxc4 {[%mdl 4096] Endgame KRB-KRB} 38. Rb5 Kd6 ({Weaker is} 38... Rxf2 39. Rxc5 Rxb2 40. Rxc4 $15) ({Resist} 38... Bxf2+ 39. Kf1 $17) 39. Bg7 {[#] Strongly threatening Bf8+.} Kc6 $1 {[%cal Rc6b5]} ({Not} 39... Bxf2+ 40. Kf1 $17) 40. Rb2 $2 (40. a4) 40... Bxf2+ 41. Kf1 Rxb2 42. Bxb2 {KB-KB} Bg3 43. a4 g4 44. Ke2 h5 45. Ke3 Kd5 $2 (45... h4 {And now ...Kd5 would win.} 46. Bc3 Kc5) 46. Bc3 $2 (46. a5) 46... Be5 47. Be1 c3 48. Kd3 g3 49. Bxg3 Bxg3 {Black mates.} 50. Kxc3 Ke4 51. Kd2 Bf2 52. Ke2 Bc5 {Precision: White = 36%, Black = 66%.} 0-1